| 000 | 004280000a22001690004500 | ||
|---|---|---|---|
| 003 | MACL | ||
| 005 | 20151222133233.0 | ||
| 008 | 151222b xxu||||| |||| 00| 0 eng d | ||
| 040 |
_aMACL _cMACL |
||
| 041 | _aEnglish | ||
| 082 | _a910/BAL | ||
| 100 |
_aBalchin, W G V _921911 |
||
| 245 |
_aGeography and Man _bVol 2 |
||
| 260 |
_bThe New Era Publishing Co Ltd _aLondon |
||
| 650 |
_aGeography _921912 |
||
| 942 |
_cBK _k910/BAL _2ddc |
||
| 999 |
_c40900 _d40900 |
||